000
00320nam a2200133Ia 4500
008
240624s9999 xx 000 0 und d
041
_a
eng
082
_a
920 HAW
100
_a
HAWKING STEPHEN
245
_a
MY BRIEF HISTORY A MEMOIR
260
_c
2013
_a
New Delhi
_b
Random House
300
_a
144 : p.
365
_c
RS
_b
25
999
_c
22163
_d
22163